| 000 | 00467nam a22001697a 4500 | ||
|---|---|---|---|
| 003 | BD-ChCU | ||
| 005 | 20260121110742.0 | ||
| 008 | 260121b bg ||||| |||| 00| 0 ben d | ||
| 040 | _cBD-ChCU | ||
| 082 | _a334 SUM | ||
| 100 |
_aSurridge , B.J . _919493 |
||
| 245 |
_aA manual of co - operative law and practice ./ _cB. J. Surridge . |
||
| 260 |
_aCambridge : _bHeffer , _cC 1948 |
||
| 300 | _aviii , 188p | ||
| 650 | 0 |
_aCooperation . _919494 |
|
| 942 |
_2ddc _cBK _n0 |
||
| 999 |
_c111178 _d111178 |
||